000
00219 a2200097 4500
001
15005
100
_a
Hillary E
245
_a
High in the thin cold air
260
_a
London
_b
Hodder sloughton
_c
090
_c
11760
_d
11760
942
_a
NUST-CAE
_c
M
_c
1959
999
_c
250078
_d
250078